[Event "BL2-O9798"]
[Site "Germany"]
[Date "1998.??.??"]
[Round "8.6"]
[White "Held, Markus"]
[Black "Haag, Wolfgang"]
[Result "1/2-1/2"]
[WhiteElo "2315"]
[BlackElo "2315"]

1.e4 c5 2.Nf3 d6 3.d4 cxd4 4.Nxd4 Nf6 5.Nc3 a6 6.g3 e5 7.Nde2 Nbd7 8.Bg2 b6
9.h3 Bb7 10.g4 Nc5 11.Ng3 g6 12.O-O Ne6 13.Be3 h5 14.Nd5 Bxd5 15.exd5 Nf4
16.Bxf4 exf4 17.Re1+ Be7 18.Ne4 Kf8 19.c3 hxg4 20.hxg4 Rh4 21.Bf3 Qd7 22.Nxf6 Bxf6
23.Kg2 Kg7 24.Rh1 Rxh1 25.Qxh1 Be5 26.Qf1 b5 27.Qe2 Rc8 28.Rh1 Rc4 29.Qd3 Qc8
30.Be2 Rc5 31.Qh3 Kf8 32.Qh6+ Ke8 33.Bf3 b4 34.Re1 bxc3 35.bxc3 Kd7 36.Qh7 Qe8
37.Rb1 Rxc3 38.Rb7+ Rc7 39.Rxc7+ Kxc7 40.Qh1 Qa4 41.Qc1+ Kd8 42.Qb1 Ke7 43.Qb3 Qa5
44.Be2 Kf6 45.Qc4 Qa3 46.Qb3 Qa5 47.Qc4 Kg5 48.a4 Qe1 49.Bf3 a5 50.Qe2 Qb4
51.Qc2 Qd4 52.Qd1 Qc4 53.Be2 Qa2 54.Bf3 Qc4 55.Be2 Qc5 56.Bf3 Bd4 57.Qe2 Bf6
58.Qd2 Bd8 59.Qd3 Bb6 60.Qe2 Qd4 61.Qc2 Kf6 62.Qa2 Qd3 63.Be2 Qd4 64.Bf3 Kg5
65.Qc2 Bc5 66.Qa2 Qc3 67.Qe2 Kf6 68.Qa2 Qd3 69.Be2 Qe4+ 70.Bf3 Qe1 71.Qc2 Bd4
72.Qa2 Kg5 73.Qc2 Kf6 74.Qa2 Ke5 75.Qc2 Bc3 76.Qd3 Qd2 77.Qxd2 Bxd2 78.Kf1 f5
79.gxf5 Kxf5 80.Ke2 Bb4 81.Kd3 g5 82.Be4+ Ke5 83.Bf3 Bc5 84.Ke2 Kf5 85.Bh5 g4
86.Bf7 Ke4 87.Be6 g3 88.fxg3 fxg3 89.Kf1 Kf3 90.Bh3  1/2-1/2

[Event "Hollabrunn opJ"]
[Site "Hollabrunn"]
[Date "1998.??.??"]
[Round "9"]
[White "Starostits, Ilmas"]
[Black "Solodovnichenko, Yuri"]
[Result "0-1"]
[WhiteElo "2330"]
[BlackElo "2415"]

1.e4 c5 2.Nf3 d6 3.d4 cxd4 4.Nxd4 Nf6 5.Nc3 a6 6.g3 e5 7.Nde2 Be7 8.Bg2 Nbd7
9.O-O b5 10.a4 b4 11.Nd5 Nxd5 12.Qxd5 Nb6 13.Qd2 a5 14.c3 Ba6 15.cxb4 axb4
16.b3 O-O 17.Re1 Nd7 18.Bb2 Nc5 19.Nc1 Rb8 20.Bf1 Bg5 21.Qc2 Bxf1 22.Rxf1 Rc8
23.Qe2 Re8 24.Rd1 Qc7 25.Qc4 Qb7 26.Qd5 Qxd5 27.Rxd5 Nxe4 28.Nd3 Rc2 29.f4 exf4
30.Re1 fxg3 31.hxg3 h6 32.a5 Rcc8 33.a6 Nd2 34.Rxe8+ Rxe8 35.Nxb4 Nxb3 36.Rd3 Be3+
37.Kg2 Na5 38.Nd5 Bc5 39.Bc3 Nc6 40.Rd2 Ra8 41.Ra2 Ra7 42.Ra4 f6 43.Kf3 Nb8
44.Kg4 Rxa6 45.Re4 Nc6 46.Re8+ Kf7 47.Rc8 Ne5+ 48.Kh5 Ra7 49.g4 Bf2 50.Rb8 g6+
51.Kxh6 Nxg4+ 52.Kh7 Ke6+ 53.Kxg6 Kxd5 54.Kf5 Ne5 55.Rd8 Bb6 56.Rf8 Ra3  0-1

[Event "HUN-chT9899"]
[Site "HUN"]
[Date "1998.??.??"]
[Round "?"]
[White "Berta, Tibor"]
[Black "Varadi, Viktor"]
[Result "1/2-1/2"]
[WhiteElo "2200"]
[BlackElo "2150"]

1.e4 c5 2.Nf3 d6 3.Nc3 Nf6 4.d4 cxd4 5.Nxd4 a6 6.g3 e5 7.Nde2 Be6 8.Bg2 Be7
9.O-O O-O 10.Kh1 Qd7 11.f4 Bh3 12.Qd3 Bxg2+ 13.Kxg2 Nc6 14.a3 b5 15.Nd5 Nxd5
16.exd5 Na5 17.f5 Nc4 18.Nc3 f6 19.a4 Nb6 20.a5 Nc8 21.Be3 Bd8 22.Ne4 Ne7
23.g4 Qb7 24.Rfd1 Bc7 25.c3 Rac8 26.h4 Bb8 27.Rd2 Qd7 28.Rf1 Kh8 29.b3 Bc7
30.Ra2 h5 31.Ng3 hxg4 32.Qe4 Kg8 33.Rd1 Kf7 34.Qxg4 Rg8 35.h5 Ke8 36.Qe4 Bb8
37.Rc2 Ba7  1/2-1/2

[Event "HUN-chT2 9798"]
[Site "HUN"]
[Date "1998.??.??"]
[Round "?"]
[White "Hajdu, Istvan"]
[Black "Kormos, Lajos"]
[Result "0-1"]
[WhiteElo "2145"]
[BlackElo "2200"]

1.e4 c5 2.Nf3 d6 3.d4 cxd4 4.Nxd4 Nf6 5.Nc3 a6 6.g3 Bg4 7.f3 Bd7 8.Be3 Qc7
9.Qd2 e5 10.Nb3 Be6 11.g4 Be7 12.g5 Nfd7 13.Nd5 Bxd5 14.exd5 O-O 15.Bd3 b5
16.a4 bxa4 17.Rxa4 g6 18.h4 Nc5 19.Nxc5 dxc5 20.h5 Bd6 21.Rg4 e4 22.Bxe4 Nd7
23.Rgg1 Rfe8 24.Qg2 Nf8 25.Kf2 Bf4 26.Re1 Rab8 27.b3 Bxe3+ 28.Rxe3 c4 29.Rhe1 cxb3
30.cxb3 Qc5 31.Kf1 Qb5+ 32.Bd3 Qd7 33.Rxe8 Rxe8 34.Rxe8 Qxe8 35.Bxa6 Qe3
36.hxg6 hxg6 37.Qe2 Qxg5 38.Bc4 Qc1+ 39.Kf2 Qh1 40.Ke3 Qg1+ 41.Kd3 Qb1+ 42.Ke3 Qg1+
43.Kd2 Qd4+ 44.Kc2 Kg7 45.b4 Nd7 46.Qd3 Qf2+ 47.Kb3 Ne5 48.Qc3 f6 49.d6 Nxf3
50.b5 Nd2+ 51.Kb4 Ne4 52.Qd3 Qc5+ 53.Kb3 Nxd6 54.Qe2 Nf5 55.Qe4 Nd4+ 56.Kc3 Nxb5+
57.Kb3 Qa3+ 58.Kc2 Qc3+ 59.Kd1 Qd4+ 60.Qxd4 Nxd4 61.Kd2 Nf3+ 62.Ke3 Ne5 63.Be2 f5
64.Kf4 Kf6 65.Bd1 g5+ 66.Kg3 f4+ 67.Kf2 Kf5 68.Bc2+ Kg4 69.Bd1+ Kh3 70.Ba4 g4
71.Bb5 Kh4  0-1

[Event "Klatovy op-A"]
[Site "Klatovy"]
[Date "1998.??.??"]
[Round "?"]
[White "Kucera, Petr"]
[Black "Vrkoc, D."]
[Result "1-0"]
[WhiteElo "2340"]
[BlackElo "2035"]

1.e4 c5 2.Nf3 d6 3.d4 cxd4 4.Nxd4 Nf6 5.Nc3 a6 6.g3 e5 7.Nde2 Be7 8.Bg2 Qc7
9.O-O O-O 10.h3 b5 11.g4 b4 12.Nd5 Nxd5 13.exd5 f5 14.Ng3 f4 15.Ne4 Nd7 16.a3 Rb8
17.axb4 Rxb4 18.c3 Rb8 19.Qd3 Nc5 20.Nxc5 Qxc5 21.Be4 h6 22.b4 Qb6 23.Qf3 Bd7
24.Bc2 Bb5 25.Qe4 Rf6 26.c4 Bd7 27.Bd2 Kf7 28.Bd3 Qb7 29.Kg2 Rh8 30.f3 g5
31.Bc3 h5 32.c5 hxg4 33.fxg4 Qc8 34.Bxa6 Qf8 35.c6 Qh6 36.Rh1 Qh4 37.Be1 f3+
38.Qxf3 Qh6 39.Qe4 Rf4 40.Qe2 Bxg4 41.Qe3 Bf3+ 42.Qxf3 Rxf3 43.Kxf3 g4+ 44.Ke2 Bd8
45.Bc8 Bb6 46.Bd2 Qg6 47.Bf5 Qg7 48.Be6+ Ke7 49.hxg4 e4 50.Rxh8 e3 51.Rah1 Qd4
52.R1h7+ Kf6 53.Rf8+ Kg5 54.Rh5+ Kg6 55.Rg8+ Kf6 56.Rf5+ Ke7 57.Rf7+  1-0

[Event "SLO-ch (Women)"]
[Site "Maribor"]
[Date "1998.??.??"]
[Round "4"]
[White "Mihevc, Narcisa"]
[Black "Stevanec, Lea"]
[Result "1/2-1/2"]
[WhiteElo "2205"]
[BlackElo "2045"]

1.e4 c5 2.Nf3 d6 3.d4 cxd4 4.Nxd4 Nf6 5.Nc3 a6 6.g3 e6 7.Bg2 Be7 8.O-O Nbd7
9.a4 Qc7 10.a5 O-O 11.g4 Rb8 12.g5 Ne8 13.f4 b5 14.f5 b4 15.Na4 e5 16.f6 Ndxf6
17.gxf6 Nxf6 18.Nf5 Bxf5 19.Rxf5 Qxa5 20.Be3 Qc7 21.b3 Qc6 22.Qd3 Ng4 23.Bg5 f6
24.Bd2 g5 25.Rc1 Nh6 26.Rff1 Qb5 27.Qh3 Kg7 28.Nb2 Qe2 29.Nc4 Qg4 30.Qxg4 Nxg4
31.Ra1 d5 32.exd5 Bc5+ 33.Kh1 Nf2+ 34.Rxf2 Bxf2 35.Rxa6 Ra8 36.Rxa8 Rxa8
37.Be4 Bc5 38.Kg2 h5 39.Ne3 Ra1 40.d6 Kf8 41.d7 Ke7 42.Bf5 Kd8 43.h3 e4 44.Bxe4 Kxd7
45.Bg6 h4 46.Kf3 Ke6 47.Ke4 Bxe3 48.Bf5+ Kd6 49.Bxe3 Rf1 50.Bd2 Kc6 51.Bg4 Rf2
52.Ke3 Rh2 53.c3 bxc3 54.Bxc3 Kb5 55.Bxf6 Kb4 56.Bxg5 Kxb3 57.Bxh4 Kc4 58.Be6+ Kc5
59.Bg3 Rg2 60.Kf4 Rxg3 61.Kxg3 Kd6  1/2-1/2

[Event "SLO-ch"]
[Site "Maribor"]
[Date "1998.??.??"]
[Round "12"]
[White "Mohr, Georg"]
[Black "Mazi, Leon"]
[Result "1/2-1/2"]
[WhiteElo "2455"]
[BlackElo "2420"]

1.e4 c5 2.Nf3 d6 3.d4 cxd4 4.Nxd4 Nf6 5.Nc3 a6 6.g3 Bg4 7.f3 Bd7 8.Be3 Nc6
9.Qd2 e6 10.O-O-O b5 11.g4 Nxd4 12.Bxd4 Bc6 13.g5 Nd7 14.h4 b4 15.Ne2 a5
16.Ng3 h5 17.f4 Qc7 18.Be2 Rc8 19.Rhf1 Nc5 20.Bxc5 dxc5 21.Qe3 g6 22.f5 Qe5
23.Qf4 Qxf4+ 24.Rxf4 Be7 25.Bc4 Rd8 26.fxe6 fxe6 27.Bxe6 Rxd1+ 28.Kxd1 Bd6
29.Rf3 Rf8 30.Ke2 Be5 31.Bd5 Bb5+ 32.Kf2 Rxf3+ 33.Kxf3 Bxb2 34.Kf4 Ke7 35.e5 Bd7
36.Ne4 Bd4 37.Nf6 Be6 38.Ng8+ Kf7 39.Nh6+ Ke7 40.Ng8+ Bxg8 41.Bxg8 Bf2 42.Bh7 Kf7  1/2-1/2

[Event "Nizhnij Tagil"]
[Site "Nizhnij Tagil"]
[Date "1998.??.??"]
[Round "8"]
[White "Tosic, Miroslav"]
[Black "Vaulin, Alexander"]
[Result "1/2-1/2"]
[WhiteElo "2505"]
[BlackElo "2535"]

1.e4 c5 2.Nf3 d6 3.d4 cxd4 4.Nxd4 Nf6 5.Nc3 a6 6.g3 e5 7.Nb3 Be6 8.Bg2 Nbd7
9.O-O Be7 10.a4 O-O 11.Re1 Qc7 12.h3 Nb6 13.Nd2 Nc4 14.Nf1 b5 15.g4 g6 16.Ng3 bxa4
17.Nxa4 Rfc8 18.b3 Nb6 19.Nxb6 Qxb6 20.Re2 Nd7 21.Nf5 Bf8 22.Rd2 Rc6 23.Ba3 Nc5
24.Ne3 a5 25.Qe2 Rac8 26.Rad1 Bh6 27.h4 Bxe3 28.Qxe3 Bxg4 29.f3 Be6 30.Kh2 Nb7
31.Qe2 Qd8 32.Qf2 Qf8 33.Kg1 h5 34.Re2 Qd8 35.Rdd2 Nc5 36.Qg3 Qb6 37.Kh2 a4
38.f4 Bg4 39.Rf2 axb3 40.cxb3 Qxb3 41.Qxb3 Nxb3 42.Rxd6 exf4 43.Rxc6 Rxc6
44.Rxf4 Rc2 45.Be7 Nd4 46.Bf6 Nf3+ 47.Kg3 Ne1 48.Rf2 Rxf2 49.Kxf2 Nd3+ 50.Ke3 Nc5
51.Kd4 Nd7 52.e5 Be6 53.Bc6 Nf8 54.Be7 Nh7 55.Ke3 Kg7 56.Kf4 Bc4  1/2-1/2

[Event "Atom Cup GM 3rd"]
[Site "Paks"]
[Date "1998.??.??"]
[Round "3"]
[White "Molnar, Bela"]
[Black "Csom, Istvan"]
[Result "1/2-1/2"]
[WhiteElo "2340"]
[BlackElo "2475"]

1.e4 c5 2.Nf3 d6 3.d4 cxd4 4.Nxd4 Nf6 5.Nc3 a6 6.g3 g6 7.Bg2 Bg7 8.O-O O-O
9.h3 Nbd7 10.b3 Nc5 11.Bb2 e5 12.Nde2 b5 13.g4 Bb7 14.Ng3  1/2-1/2

[Event "Plzen opJ"]
[Site "Plzen"]
[Date "1998.??.??"]
[Round "9"]
[White "Starostits, Ilmas"]
[Black "Jirovsky, Petr"]
[Result "1/2-1/2"]
[WhiteElo "2330"]
[BlackElo "2380"]

1.e4 c5 2.Nf3 d6 3.d4 cxd4 4.Nxd4 Nf6 5.Nc3 a6 6.g3 e6 7.Bg2 Qc7 8.O-O Nc6
9.a4 Be7 10.h3 O-O 11.g4 Rb8 12.Kh1 Re8 13.f4 Nd7 14.Be3 Bf8 15.Qf3 Nb4 16.Qf2 b6
17.Rad1 Bb7 18.g5 Nc5 19.h4 Rbd8 20.Rd2 d5 21.e5 g6 22.h5 Ne4 23.Nxe4 dxe4
24.hxg6 hxg6 25.c3 Nd5 26.Re1 Qd7 27.Qh4 Bg7 28.Kh2 Qxa4 29.Bxe4 Nxe3 30.Rxe3 Bxe4
31.Rxe4 Rd5 32.Kg3 Red8 33.Qh1 Qc4 34.Kg4 b5 35.Re3 b4 36.Rh2 bxc3 37.Reh3 Kf8
38.bxc3 Bxe5 39.Nxe6+ Ke7 40.Re3 fxe6 41.Re4 Qxc3 42.fxe5 Rxe5 43.Rh7+ Kd6
44.Qd1+ Rd5 45.Qe2 Rc8  1/2-1/2

[Event "CRO-chT2"]
[Site "Pula"]
[Date "1998.??.??"]
[Round "1"]
[White "Ozanic, Marijan"]
[Black "Vitic, Ivan"]
[Result "0-1"]
[WhiteElo "2265"]
[BlackElo "2300"]

1.e4 c5 2.Nf3 d6 3.d4 cxd4 4.Nxd4 Nf6 5.Nc3 a6 6.g3 e5 7.Nde2 Be7 8.Bg2 Nbd7
9.O-O b5 10.h3 Bb7 11.Be3 Rc8 12.g4 b4 13.Nd5 Nxd5 14.exd5 h5 15.Ng3 hxg4
16.hxg4 g6 17.Qd2 Rc4 18.Bf3 Rh4 19.Qe2 Qc8 20.Rfc1 Nf6 21.c3 bxc3 22.Rxc3 Rxc3
23.bxc3 Nxg4 24.Rb1 Nxe3 25.Qxe3 Rc4 26.Rb3 Kf8 27.Be2 Rc7 28.Qh6+ Kg8 29.c4 Qf8
30.Qd2 f5 31.c5 dxc5 32.d6 Bxd6 33.Bc4+ Kh7 34.Rb6 Be7 35.Qb2 Bf3 36.Qxe5 Rb7
37.Qb2 Rxb6 38.Qxb6 f4 39.Bd3 Qf6 40.Qxf6 Bxf6 41.Ne4 Be7 42.Nd2 Bb7 43.f3 Kg7
44.Kf2 a5 45.a4 Bf6 46.Ke2 Bc3 47.Ne4 Bb4 48.Bb5 Bd5 49.Kd3 Bb3 50.Nd6 Bd5
51.Ne4 Kh6 52.Be8 Bb3 53.Bc6 Bd1 54.Nf2 Bb3 55.Ke4 g5 56.Be8 c4 57.Bf7 Bc2+
58.Kd4 c3 59.Be8 Bf5  0-1

[Event "POL-ch U20 Girls"]
[Site "Trzebinia"]
[Date "1998.??.??"]
[Round "10"]
[White "Rutkowska, Mariola"]
[Black "Samborska, Marta"]
[Result "1-0"]
[WhiteElo "2055"]
[BlackElo "2070"]

1.e4 c5 2.Nf3 d6 3.d4 cxd4 4.Nxd4 Nf6 5.Nc3 a6 6.g3 b5 7.Bg2 Bb7 8.O-O e6
9.Re1 Qc7 10.a4 bxa4 11.Nd5 exd5 12.exd5+ Kd8 13.Bg5 h6 14.Bxf6+ gxf6 15.Rxa4 Nd7
16.Qe2 Ne5 17.f4 Qd7 18.b3 Ng6 19.Nc6+ Bxc6 20.dxc6 Qa7+ 21.Kh1 Be7 22.Rea1 Rc8
23.Rxa6 Qc5 24.Ra8 d5 25.Rxc8+ Kxc8 26.Qa6+  1-0

[Event "JUG Cup"]
[Site "Ulcinj"]
[Date "1998.??.??"]
[Round "3"]
[White "Rajkovic, Ljubisa"]
[Black "Bulajic, Ratko"]
[Result "1/2-1/2"]
[WhiteElo "2240"]
[BlackElo "2295"]

1.Nf3 d6 2.e4 c5 3.d4 cxd4 4.Nxd4 Nf6 5.Nc3 a6 6.g3 e5 7.Nde2 b5 8.Bg2 b4
9.Nd5 Nxd5 10.exd5 Be7 11.O-O Nd7 12.a3 bxa3 13.Rxa3 Bb7 14.c4 Qc7 15.b3  1/2-1/2

[Event "Villa Ballester op"]
[Site "Villa Ballester"]
[Date "1998.??.??"]
[Round "6"]
[White "Della Morte, Pablo"]
[Black "Labollita, Martin"]
[Result "0-1"]
[WhiteElo "2155"]
[BlackElo "2225"]

1.e4 c5 2.Nf3 d6 3.d4 cxd4 4.Nxd4 Nf6 5.Nc3 a6 6.g3 e5 7.Nde2 Nbd7 8.Bg2 b5
9.h3 b4 10.Nd5 Nxd5 11.exd5 Be7 12.O-O a5 13.a3 Ba6 14.axb4 axb4 15.Bd2 Qb6
16.Ra4 Qb5 17.c4 Qxc4 18.b3 Qd3 19.Nc1 Qg6 20.Re1 O-O 21.Rxb4 f5 22.Ne2 Nc5
23.Bc3 Bd8 24.Qa1 f4 25.gxf4 Bxe2 26.f5 Rxa1 27.fxg6 Rxe1+ 28.Bxe1 Ba5 29.gxh7+ Kh8  0-1

[Event "POL-chT2"]
[Site "Wisla"]
[Date "1998.??.??"]
[Round "?"]
[White "Flis, Jacek"]
[Black "Palus, Ryszard"]
[Result "0-1"]
[WhiteElo "2310"]
[BlackElo "2375"]

1.e4 c5 2.Nf3 d6 3.d4 cxd4 4.Nxd4 Nf6 5.Nc3 a6 6.g3 e5 7.Nb3 Be6 8.Bg2 Be7
9.O-O O-O 10.Nd5 Nxd5 11.exd5 Bf5 12.c3 Nd7 13.a4 Re8 14.a5 Bf6 15.Be3 Rc8
16.Ra4 Rc7 17.Qe2 h6 18.Rc1 Qc8 19.c4 e4 20.Nd4 Ne5 21.Nxf5 Qxf5 22.Bb6 Rce7
23.Bxe4 Qh3 24.Qf1 Qxf1+ 25.Kxf1 Nd7 26.Bf5 Nxb6 27.axb6 Bxb2 28.Rd1 g6 29.Bh3 Re4
30.Ra2 Bc3 31.c5 dxc5 32.d6 Re1+ 33.Rxe1 Rxe1+ 34.Kg2 Rd1 35.Bc8 Rxd6 36.Bxb7 a5
37.Ra3 Rxb6 38.Bd5 Rd6 39.Bxf7+ Kxf7 40.Rxc3 Rc6 41.Kf3 Ke6 42.Ke4 a4 43.f4 Ra6
44.Ra3 h5 45.h3 Ra5 46.g4 h4 47.f5+ gxf5+ 48.gxf5+ Kf6 49.Kd5 Kxf5 50.Kc6 c4
51.Kb6 Ra8 52.Kb7 Re8 53.Rxa4 Re4 54.Kc6 c3 55.Ra5+ Kf4 56.Rc5 Re6+ 57.Kd7 Re3
58.Kd6 Rd3+ 59.Ke6 Ke3  0-1

[Event "BL2-S9899"]
[Site "Germany"]
[Date "1999.01.10"]
[Round "4.1"]
[White "Kekelidze, Mikheil"]
[Black "Oral, Tomas"]
[Result "1/2-1/2"]
[WhiteElo "2439"]
[BlackElo "2521"]

1.e4 c5 2.Nf3 d6 3.d4 cxd4 4.Nxd4 Nf6 5.Nc3 a6 6.g3 e6 7.Bg2 Be7 8.O-O Qc7
9.f4 O-O 10.g4 Re8 11.g5 Nfd7 12.f5 Bf8 13.Bh3 Ne5 14.g6 hxg6 15.fxe6 Bxe6
16.Nxe6 fxe6 17.Ne2 Qc5+ 18.Kh1 Nbc6 19.b3 Rac8 20.Nf4 Nd8 21.c4 Qc7 22.Bb2 Qf7  1/2-1/2

[Event "Tapolca op"]
[Site "Budapest"]
[Date "1999.01.12"]
[Round "5"]
[White "Jamrich, Gyorgy"]
[Black "Szeberenyi, Adam"]
[Result "1-0"]
[WhiteElo "2310"]
[BlackElo "2230"]

1.e4 c5 2.Nf3 d6 3.d4 cxd4 4.Nxd4 Nf6 5.Nc3 a6 6.g3 e5 7.Nde2 Be7 8.Bg2 Nbd7
9.O-O O-O 10.h3 b5 11.a3 Bb7 12.g4 Nc5 13.Ng3 g6 14.f4 exf4 15.Bxf4 Re8 16.Qf3 Nfd7
17.Rad1 Qb6 18.Qf2 f6 19.b4 Ne6 20.Bxd6 Bxd6 21.Qxb6 Nxb6 22.Rxd6 Nc4 23.Rd3 Ne5
24.Rdd1 Rac8 25.Nd5 Bxd5 26.exd5 Nf8 27.Ne4 Red8 28.Rxf6 Rxc2 29.Rxa6 Nc4
30.Rd3 Kh8 31.Ng5 Re8 32.Ne6 Nd7 33.Ra7 Nde5 34.Rd4 Ne3 35.Be4 Ra2 36.d6 Rxe6
37.d7 Nxd7 38.Rdxd7 Re8 39.Rxh7+ Kg8 40.Bxg6 Rg2+ 41.Kh1 Rc8 42.Rac7 Rxc7
43.Rxc7 Rg3 44.Bf7+ Kf8 45.Be6 Rxh3+ 46.Kg1 Rh6 47.Bd7 Nc4 48.a4 Nb6 49.Bxb5 Rg6
50.Be2 Nxa4 51.b5 Nb6 52.Rc6 Rxc6 53.bxc6 Ke7 54.Kf2 Kd6 55.Bf3 Nc4 56.Kg3 Ne5
57.g5 Ng6 58.Be4 Ne7 59.Kf4 Ke6 60.Kg4 Kd6 61.Kh5 Ke6 62.Kh6 Ke5 63.Bg2 Nf5+
64.Kh7 Ne7 65.g6  1-0

[Event "Malaga op"]
[Site "Malaga"]
[Date "1999.02.05"]
[Round "3"]
[White "Paz Ladron de Guevara, Daniel"]
[Black "Moreno, Javier"]
[Result "1/2-1/2"]
[WhiteElo "2308"]
[BlackElo "2449"]

1.e4 c5 2.Nf3 d6 3.d4 Nf6 4.Nc3 cxd4 5.Nxd4 a6 6.g3 e5 7.Nde2 Nbd7 8.Bg2 b5
9.h3 Bb7 10.g4 Nc5 11.Ng3 g6 12.a3 Rc8 13.O-O Ne6 14.Nge2 Be7 15.f4 exf4
16.Nxf4 Nxf4 17.Bxf4 O-O 18.Bh6 Nd7 19.Bxf8 Bxf8 20.Nd5 Bg7 21.c3 Ne5 22.a4 Rc5
23.axb5 Rxb5 24.b4 Bxd5 25.exd5 a5 26.Qa4 Qb6+ 27.Kh1 axb4 28.cxb4 Qb8 29.Rfc1 Nd3
30.Qa6 Ne1  1/2-1/2

[Event "Bunratty Masters"]
[Site "Bunratty"]
[Date "1999.02.19"]
[Round "3"]
[White "Delaney, Paul"]
[Black "Schacher, Gerd"]
[Result "0-1"]
[WhiteElo "2305"]
[BlackElo "2245"]

1.e4 c5 2.Nf3 d6 3.d4 cxd4 4.Nxd4 Nf6 5.Nc3 a6 6.g3 e5 7.Nde2 b5 8.Bg2 Nbd7
9.h3 Bb7 10.g4 b4 11.Nd5 Nxd5 12.exd5 Be7 13.Ng3 Nb6 14.a3 bxa3 15.Rxa3 O-O
16.Nf5 Re8 17.h4 Rc8 18.b3 Bf8 19.Be4 Qc7 20.Rh3 Nd7 21.c4 a5 22.Bd2 a4 23.Bb1 axb3
24.Rhxb3 Ra8 25.Qc2 e4 26.Kd1 Nc5 27.Rxa8 Rxa8 28.Re3 Bc8 29.Ke2 Ra4 30.Rc3 Ba6
31.Be3 Ra5 32.Bxc5 Rxc5 33.Ne3 Qb8 34.Qxe4 g6 35.Kf3 Rc8 36.Bd3 Re8 37.Qf4 Bg7
38.Rc2 Be5 39.Qg5 Bc8  0-1

[Event "ISR-chT"]
[Site "Israel"]
[Date "1999.04.02"]
[Round "6"]
[White "Kogan, Boris"]
[Black "Har Zvi, Ronen"]
[Result "0-1"]
[WhiteElo "2445"]
[BlackElo "2503"]

1.e4 c5 2.Nf3 d6 3.d4 cxd4 4.Nxd4 Nf6 5.Nc3 a6 6.g3 e5 7.Nde2 Nbd7 8.Bg2 b5
9.O-O Bb7 10.h3 Nb6 11.f4 Qc7 12.a3 h5 13.Kh1 Rc8 14.b3 Be7 15.Ra2 O-O 16.Nd5 Nbxd5
17.exd5 Qc5 18.c4 bxc4 19.b4 Qb6 20.Bb2 Qe3 21.Rf3 Qe4 22.fxe5 Nxd5 23.Nf4 Nxf4
24.gxf4 Qf5 25.Rg3 Bh4 26.Re3 Bxg2+ 27.Kxg2 Qxf4 28.Bc1 dxe5 29.Qxh5 Qg5+
30.Qxg5 Bxg5 31.Rc3 Bxc1 32.Rxc1 Rfd8 33.Re2 Rd5 34.Rc3 f6 35.a4  0-1

[Event "Mitropa Cup"]
[Site "Baden"]
[Date "1999.04.04"]
[Round "4"]
[White "Manik, Mikulas"]
[Black "Stangl, Markus"]
[Result "1/2-1/2"]
[WhiteElo "2478"]
[BlackElo "2545"]

1.e4 c5 2.Nf3 d6 3.d4 cxd4 4.Nxd4 Nf6 5.Nc3 a6 6.g3 e5 7.Nde2 b6 8.Bg2 Bb7
9.h3 h5 10.Bg5 Be7 11.O-O Nbd7 12.Qd2 Rc8 13.Rfd1 b5 14.a3 Rc4 15.b3 Rc7
16.h4 O-O 17.Rac1 Qc8 18.Bh3 Qa8 19.Bxd7 Rxd7 20.Bxf6 Bxf6 21.Nd5 Bd8 22.c4 f5
23.exf5 Rxf5 24.Nec3 Rf3 25.Qe2 Rdf7 26.Ne4 bxc4 27.bxc4 Bxd5 28.Rxd5 Bb6
29.Rf1 Qf8 30.Kg2 Bd4 31.Rxd6 Bxf2 32.Rd3 Rxd3 33.Qxd3 Bd4 34.Rxf7 Qxf7 35.c5  1/2-1/2

[Event "Budapest FS04 IM-B"]
[Site "Budapest"]
[Date "1999.04.06"]
[Round "4"]
[White "Jamrich, Gyorgy"]
[Black "Schneider, Attila"]
[Result "0-1"]
[WhiteElo "2273"]
[BlackElo "2374"]

1.e4 c5 2.Nf3 d6 3.d4 cxd4 4.Nxd4 Nf6 5.Nc3 a6 6.g3 e5 7.Nde2 Be6 8.Bg2 Be7
9.O-O Nbd7 10.h3 b5 11.a3 Rc8 12.g4 h6 13.Kh1 g5 14.Ng3 Nb6 15.Re1 h5 16.Nxh5 Nxh5
17.gxh5 Qd7 18.Kh2 g4 19.h6 gxh3 20.Bf3 Bf8 21.Nd5 Nxd5 22.exd5 Bf5 23.c3 Bxh6
24.Bxh6 Rxh6 25.a4 Ke7 26.axb5 Qxb5 27.Qe2 Bd3 28.Qd2 Rg6 29.Rg1 Rf6 30.Rg3 Qb6
31.Kxh3 Bg6 32.Kg2 a5 33.Qe3 Qxe3 34.fxe3 Rb8 35.Ra2 Rb5 36.c4 Rb4 37.Rg4 Bf5
38.Rh4 Rg6+ 39.Kf1 a4 40.e4 Bd7 41.Be2 Rg3 42.Ke1 Rgb3 43.Kd1 Rxb2 44.Rxb2 Rxb2
45.Bd3 a3 46.Rh8 a2  0-1

[Event "Swidnica op"]
[Site "Swidnica"]
[Date "1999.07.02"]
[Round "5"]
[White "Faibisovich, Vadim Z"]
[Black "Brodsky, Michail"]
[Result "0-1"]
[WhiteElo "2400"]
[BlackElo "2530"]

1.e4 c5 2.Nf3 d6 3.d4 cxd4 4.Nxd4 Nf6 5.Nc3 a6 6.g3 e5 7.Nde2 b5 8.Bg2 Nbd7
9.a4 b4 10.Nd5 Nxd5 11.exd5 a5 12.O-O Ba6 13.Re1 Be7 14.Be3 O-O 15.Qd2 Rb8
16.c3 h6 17.Rac1 Bg5 18.f4 bxc3 19.Nxc3 exf4 20.gxf4 Bh4 21.Red1 Re8 22.Ne4 Nf6
23.Ng3 Ng4 24.Bd4 Bf6 25.Rc6 Bxd4+ 26.Qxd4 Rb4 27.Qc3 Re3 28.Qd2 Qh4 29.Bf1 Rxg3+
30.hxg3 Qxg3+ 31.Qg2 Qe3+ 32.Kh1 Nf2+ 33.Kh2 Nxd1 34.Bxa6  0-1

[Event "Andorra la Vella op"]
[Site "Andorra la Vella"]
[Date "1999.07.04"]
[Round "9"]
[White "Al Modiahki, Mohamad"]
[Black "Kulaots, Kaido"]
[Result "1-0"]
[WhiteElo "2530"]
[BlackElo "2426"]

1.e4 c5 2.Nf3 d6 3.d4 cxd4 4.Nxd4 Nf6 5.Nc3 a6 6.g3 e5 7.Nde2 Nbd7 8.Bg2 b5
9.h3 Bb7 10.g4 b4 11.Nd5 Nxd5 12.exd5 Be7 13.Ng3 O-O 14.O-O g6 15.Bh6 Re8
16.Qd2 a5 17.b3 Qb6 18.Be3 Qb5 19.a3 Bf8 20.Rfd1 Nc5 21.Qe1 Bg7 22.axb4 axb4
23.Qf1 Qb6 24.Rxa8 Rxa8 25.Ne4 Ba6 26.Ra1 Qb8 27.Qe1 Nd7 28.g5 Bb7 29.Rd1 Bc8
30.Bd2 f5 31.gxf6 Nxf6 32.Ng5 Bf5 33.Rc1 Ra2 34.Bxb4 Rxc2 35.Rxc2 Bxc2 36.Qc3 Bd1
37.Ne6 Ne8 38.Bf1 Bf6 39.Qc6 Bxb3 40.Bb5 Kf7 41.Qd7+ Be7 42.Ng5+ Kf8 43.Nxh7+ Kg8
44.Qe6+ Kxh7 45.Qxe7+ Ng7 46.Bxd6 Qg8 47.Bxe5 Bxd5 48.Be8 Bb3 49.Kh2 Bd5
50.f4 Bf3 51.Bf7  1-0

[Event "EU-ch U18"]
[Site "Litohoto"]
[Date "1999.09.06"]
[Round "4"]
[White "Olsson, Anders"]
[Black "Korobov, Anton"]
[Result "0-1"]
[WhiteElo "2206"]
[BlackElo "2336"]

1.e4 c5 2.Nf3 d6 3.d4 cxd4 4.Nxd4 Nf6 5.Nc3 a6 6.g3 e5 7.Nde2 Be7 8.Bg2 Nbd7
9.O-O b6 10.h3 h5 11.Nd5 Nxd5 12.Qxd5 Rb8 13.Be3 Bb7 14.Qd2 Nf6 15.Nc3 Rc8
16.Rad1 O-O 17.Bg5 Ne8 18.Bxe7 Qxe7 19.f4 exf4 20.Rxf4 b5 21.a3 g6 22.Rf3 Rc5
23.Rd3 Re5 24.Nd5 Bxd5 25.Rxd5 Re6 26.Qd4 Qc7 27.c3 Qb8 28.Kh1 Re7 29.Qb4 Qa7
30.c4 bxc4 31.Qxc4 Qf2 32.Qb3 Kh7 33.R5d2 Qa7 34.Qc3 Re6 35.Qc4 Qb6 36.Qd4 Qd8
37.e5 Qg5 38.exd6 Nxd6 39.Qb4 a5 40.Qf4 Qxf4 41.gxf4 Nc4 42.Rd8 Rxd8 43.Rxd8 Re1+
44.Kh2 Re2 45.Kg1 Rxb2 46.Rd7 Ne3 47.Be4 Kg7 48.Ra7 Rb5 49.Kf2 Nd5 50.f5 g5
51.Bd3 Rc5 52.a4 Nf4 53.Bb5 Nxh3+ 54.Kg3 Rc3+ 55.Kh2 g4 56.Rxa5 Nf4 57.Ra7 g3+  0-1

[Event "CRO-chT (Women)"]
[Site "Pula"]
[Date "1999.09.09"]
[Round "1"]
[White "Roschina, Tatiana"]
[Black "Lakos, Nikoletta"]
[Result "1-0"]
[WhiteElo "2248"]
[BlackElo "2335"]

1.e4 c5 2.Nf3 d6 3.d4 cxd4 4.Nxd4 Nf6 5.Nc3 a6 6.g3 e5 7.Nde2 Nbd7 8.Bg2 b5
9.h3 b4 10.Nd5 Nxd5 11.exd5 Rb8 12.O-O Be7 13.a3 a5 14.axb4 axb4 15.Be3 O-O
16.Qd2 Nb6 17.Qxb4 Bf5 18.Qc3 Rc8 19.Qb3 Nc4 20.Bc1 Bg5 21.Ra4 Nd2 22.Bxd2 Bxd2
23.c3 Rb8 24.Rb4 Qc7 25.Rd1 Bh6 26.Ra1 Bd3 27.Nc1 Bc2 28.Qa3 Rxb4 29.Qxb4 Rb8
30.Qa3 g6 31.b4 Rc8 32.Na2 Bd3 33.Qa5 Qb7 34.Qa3 Bc4 35.b5 Ra8 36.Qb2 Qxb5
37.Nb4 Rc8 38.Ra7 Qc5 39.Ra4 Bb5 40.Ra5 Qb6 41.Nc6 Rb8 42.Qb4 Bxc6 43.Qxb6 Rxb6
44.dxc6  1-0

[Event "Manhattan CC-ch"]
[Site "New York"]
[Date "1999.09.26"]
[Round "5"]
[White "Burnett, Ronald"]
[Black "Robovic, Saudin"]
[Result "1-0"]
[WhiteElo "2423"]
[BlackElo "2339"]

1.e4 c5 2.Nf3 d6 3.d4 cxd4 4.Nxd4 Nf6 5.Nc3 a6 6.g3 e5 7.Nde2 h6 8.a4 Be6
9.Bg2 Be7 10.h3 Nbd7 11.O-O Rc8 12.Be3 Nc5 13.b3 Qc7 14.Nd5 Nxd5 15.exd5 Bf5
16.g4 Bh7 17.a5 f5 18.gxf5 Bxf5 19.Ng3 O-O 20.c4 Bg6 21.Qg4 Kh7 22.Ra3 Qd8
23.b4 Nd7 24.Be4 Bxe4 25.Qxe4+ g6 26.Rc1 Bg5 27.Qg2 Bf4 28.Ne4 Rf5 29.Kh1 Nf6
30.Rg1 g5 31.c5 Bxe3 32.fxe3 Ne8 33.Qg4 Rf7 34.cxd6 Qd7 35.Qh5 Rg7 36.Nxg5+ Kg8
37.Qxh6 Nxd6 38.e4  1-0

[Event "BL9900 (Women)"]
[Site "Germany"]
[Date "1999.10.17"]
[Round "2.4"]
[White "Nepeina Leconte, Maria"]
[Black "Burchardt, Brigitte"]
[Result "1/2-1/2"]
[WhiteElo "2290"]
[BlackElo "2246"]

1.e4 c5 2.Nf3 d6 3.d4 cxd4 4.Nxd4 Nf6 5.Nc3 a6 6.g3 e5 7.Nb3 Be6 8.Bg2 Nbd7
9.a4 Be7 10.O-O O-O 11.Re1 Rc8 12.Nd2 Qa5 13.Nf1 Nb6 14.Ne3 Nc4 15.Ned5 Bxd5
16.Nxd5 Nxd5 17.exd5 f5 18.b3 Nb6 19.c4 Nd7 20.Ba3 Qb6 21.a5 Qa7 22.Ra2 b5
23.cxb5 axb5 24.Bc1 Bf6 25.Be3 Qa6 26.f4 exf4 27.gxf4 Bc3 28.Ree2 b4 29.Bf1 Nf6
30.Bb6 Qb7 31.Re6 Ne4 32.Be3 Bf6 33.a6 Qa8 34.Ra5 Bd8 35.Ra1 Nc3 36.Qf3 Qxd5
37.Qxd5 Nxd5 38.a7 Nxe3 39.a8=Q Rxa8 40.Rxa8 Bb6 41.Rxf8+ Kxf8 42.Kf2 Nc2+
43.Kg3 Bc5 44.Bc4 Ne3 45.Bb5 Kf7 46.Re8 Ng4 47.Rc8 Nf6 48.Bc6 Kg6 49.Kf3 h6
50.Rc7 Bd4 51.Rb7 Bc5 52.h3 Kh7 53.Rb8 Kg6 54.Rf8 Kh5 55.Bd5 Kg6 56.Be6 Bd4
57.Ke2 Bc5 58.Kd3 d5 59.Bf7+ Kh7 60.Rd8 Bb6 61.Rb8 Bc5 62.Rb5 Bd6 63.Bxd5 Nh5
64.Bf7 Nxf4+ 65.Ke3 Nxh3 66.Rxf5 Ng5 67.Bc4 Kg6 68.Bd3 Kh5 69.Rd5 Be7 70.Kf4 Kh4
71.Bg6 Bf6 72.Be8 Ne6+ 73.Kf3 Nd4+ 74.Kf4 Ne6+ 75.Kf3 Nd4+ 76.Kf4 Bg5+ 77.Ke4 Nxb3
78.Kd3  1/2-1/2